ARRUPE JESUIT UNIVERSITY

CORONAVIRUS -STOP THE SPREAD - CLEAN,DISINFECT,COVER

Leaving us to wonder : (Record no. 123403)

MARC details
000 -LEADER
fixed length control field 01149cam a22003014a 4500
001 - CONTROL NUMBER
control field 13559708
003 - CONTROL NUMBER IDENTIFIER
control field ARRUPE
005 - DATE AND TIME OF LATEST TRANSACTION
control field 20150911150257.0
008 - FIXED-LENGTH DATA ELEMENTS--GENERAL INFORMATION
fixed length control field 040415s2005 nyu b s001 0 eng
010 ## - LIBRARY OF CONGRESS CONTROL NUMBER
LC control number 2004048161
020 ## - INTERNATIONAL STANDARD BOOK NUMBER
International Standard Book Number 0791463133 (alk. paper)
020 ## - INTERNATIONAL STANDARD BOOK NUMBER
International Standard Book Number 0791463141 (pbk. : alk. paper)
040 ## - CATALOGING SOURCE
Original cataloging agency DLC
Transcribing agency DLC
Modifying agency DLC
042 ## - AUTHENTICATION CODE
Authentication code pcc
050 00 - LIBRARY OF CONGRESS CALL NUMBER
Classification number B67
Item number .W54 2005
082 00 - DEWEY DECIMAL CLASSIFICATION NUMBER
Classification number 501
Edition number 22
300 ## - PHYSICAL DESCRIPTION
Dimensions 22 cm.
100 1# - MAIN ENTRY--PERSONAL NAME
Personal name Wiener, Linda,
Dates associated with a name 1957-
9 (RLIN) 19830
245 10 - TITLE STATEMENT
Title Leaving us to wonder :
Remainder of title an essay on the questions science can't ask /
Statement of responsibility, etc Linda Wiener and Ramsey Eric Ramsey.
260 ## - PUBLICATION, DISTRIBUTION, ETC. (IMPRINT)
Place of publication, distribution, etc Albany :
Name of publisher, distributor, etc State University of New York Press,
Date of publication, distribution, etc c2005.
300 ## - PHYSICAL DESCRIPTION
Extent ix, 163 p. ;
440 #0 - SERIES STATEMENT/ADDED ENTRY--TITLE
Title SUNY series in philosophy and biology
9 (RLIN) 19222
504 ## - BIBLIOGRAPHY, ETC. NOTE
Bibliography, etc Includes bibliographical references (p. 153-159) and index.
650 #0 - SUBJECT ADDED ENTRY--TOPICAL TERM
Topical term or geographic name as entry element Philosophy and science.
9 (RLIN) 19831
700 1# - ADDED ENTRY--PERSONAL NAME
Personal name Ramsey, Ramsey Eric,
Dates associated with a name 1960-
9 (RLIN) 19832
906 ## - LOCAL DATA ELEMENT F, LDF (RLIN)
a 7
b cbc
c orignew
d 1
e ocip
f 20
g y-gencatlg
942 ## - ADDED ENTRY ELEMENTS (KOHA)
Source of classification or shelving scheme Library of Congress Classification
Koha item type Monograph ( Printed materials)
Holdings
Withdrawn status Lost status Source of classification or shelving scheme Damaged status Not for loan Collection code Home library Current library Shelving location Date acquired Total Checkouts Full call number Barcode Date last seen Price effective from Koha item type
    Library of Congress Classification     Main Collection ARRUPE LIBRARY ARRUPE LIBRARY Main Collection 11/09/2015   B67.W54 2005 46500004232 11/09/2015 11/09/2015 Monograph ( Printed materials)

 

Arrupe Library. PO Box MP320 Mt Pleasant, Harare, Zimbabwe
263 242 745411|librarian@aju.ac.zw